[Издания]. Вып. 5: О тех вопросах элементарной геометрии, которые решаются обыкновенно помощью пределов (Запись № 5065231)

Подробности
000 -МАРКЕР
контрольное поле 01227nam2a22002291 4500
001 - ИДЕНТИФИКАТОР ЗАПИСИ
контрольное поле v19\rc\2073253
005 - ИДЕНТИФИКАТОР ВЕРСИИ
контрольное поле 20260407070634.0
035 ## - ДРУГИЕ СИСТЕМНЫЕ НОМЕРА
Идентификатор записи (NLR Aleph) 005170457
100 ## - ДАННЫЕ ОБЩЕЙ ОБРАБОТКИ
Данные общей обработки 20081218d1916 |||y0rusy50 ca
101 0# - ЯЗЫК РЕСУРСА
Язык текста, звукозаписи и т.д. русский
102 ## - СТРАНА ПУБЛИКАЦИИ ИЛИ ПРОИЗВОДСТВА
Страна публикации Российская Федерация
105 ## - ПОЛЕ КОДИРОВАННЫХ ДАННЫХ: ТЕКСТОВЫЕ МАТЕРИАЛЫ, МОНОГРАФИЧЕСКИЕ
Кодированные данные о монографическом текстовом документе y z |||||
200 1# - ЗАГЛАВИЕ И СВЕДЕНИЯ ОБ ОТВЕТСТВЕННОСТИ
Основное заглавие О тех вопросах элементарной геометрии, которые решаются обыкновенно помощью пределов
Первые сведения об ответственности А.П. Киселев
461 #0 - УРОВЕНЬ НАБОРА
Встроенное поле 001v19\rc\2073248
-- 2001#$a[Издания]$eОтд. математики. 1915-1916. Вып. 1-$vВып. 5
Системный номер (АБИС) связанной записи 5065188
Автор Педагогический музей военно-учебных заведений (Петербург). Математический отдел
Место публикации Петроград
Дата публикации 1916
Имя издателя, распространителя и т.д. тип. В.Я. Мильштейна
Сведения, относящиеся к заглавию Отд. математики. 1915-1916. Вып. 1-
Заглавие [Издания]
Номер тома Вып. 5
700 #1 - ИМЯ ЛИЦА - ПЕРВИЧНАЯ ОТВЕТСТВЕННОСТЬ
Материалы, к которым относится поле rus
Графика поля Кириллица
Начальный элемент ввода Киселев
Часть имени, кроме начального элемента ввода А. П.
Дополнения к именам, кроме дат педагог, математик
Даты 1852-1940
Расширение инициалов личного имени Андрей Петрович
Идентификатор авторитетной/нормативной записи RU\NLR\AUTH\770166867
Системный номер авторитетной/нормативной записи 166820
801 #0 - ИСТОЧНИК ЗАПИСИ
Страна Российская Федерация
Организация NLR
Правила каталогизации psbo
801 #1 - ИСТОЧНИК ЗАПИСИ
Страна Российская Федерация
Организация ProSoft-M
Источник данных rusmarc
852 ## - МЕСТОНАХОЖДЕНИЕ И ШИФР ХРАНЕНИЯ
Идентификатор организации NLR
Шифр хранения (Call Number) 34.106.6.128
942 ## - ДОПОЛНИТЕЛЬНЫЕ ЭЛЕМЕНТЫ ЗАПИСИ (АБИС)
Тип экземпляра АБИС Книга
980 ## - КОЛЛЕКЦИЯ
Название коллекции Национальная библиография
Экземпляры
Тип экземпляра Дата поступления Библиотека постоянного хранения Библиотека текущего хранения Место хранения Шифр хранения Штрих-код Статус экземпляра
Книга 26.10.2013 РНБ (Садовая) РНБ (Садовая) Русский книжный фонд -Главное здание, Ленинский читальный зал 34.106.6.128 5170457-10